| 000 | 01344nam a2200241Ia 4500 | ||
|---|---|---|---|
| 001 | 15677 | ||
| 003 | GE_BSU | ||
| 008 | 181216s||||||||xx |||||||||||||| ||und|| | ||
| 040 | _cGE_BSU | ||
| 080 | _a821.353.1(092მირცხულავა, ა.) + 821.353.1-94 | ||
| 100 | _aმირცხულავა,ა. და სხვ. | ||
| 245 | _aჩემი ქვეყანა ეგრე ლამაზი | ||
| 245 | _bალიო მირცხულავას დაბადების 70 წლისთავისადმი მიძღვნილი კრებული : [წერილები და მოგონებები] | ||
| 245 | _cშემდგ.: ც. ქაროსანიძე. რედ.თ.ჯიჯეიშვილი. მხ. ს. ბოტკოველი. თ.ჩირინაშვილი | ||
| 260 | _aთბილისი | ||
| 260 | _bგანათლება | ||
| 260 | _c1977 | ||
| 300 | _a199გვ. ; 20სმ | ||
| 653 | _aმირცხულავა, ალიო; ქართული ლიტერატურის ისტორია და კრიტიკა; | ||
| 653 | _aჩემი ქვეყანა ეგრე ლამაზი | ||
| 653 | _aწერილები და მოგონებები | ||
| 942 | _cBK | ||
| 999 |
_c48776 _d48776 |
||